[Event "Plzen Calliditas op"]
[Site "Plzen"]
[Date "2023.08.26"]
[Round "9"]
[White "Hajek, Jindrich"]
[Black "Mutinsky, Jakub"]
[Result "0-1"]
[WhiteElo "1517"]
[BlackElo "1658"]
[PlyCount "64"]
[EventDate "2023.08.19"]
[EventType "swiss"]
[EventRounds "9"]
[EventCountry "CZE"]
[SourceTitle "EXT 2024"]
[Source "ChessBase"]
[SourceDate "2023.10.10"]
[SourceVersion "1"]
[SourceVersionDate "2023.10.10"]
[SourceQuality "1"]

1. e4 c5 2. Nf3 e6 3. d4 cxd4 4. Nxd4 Nf6 5. Nc3 Nc6 6. a3 Be7 7. Be3 0-0 8. f4 d6 9. Bd3 a6 10. Qe2 Bd7 11. h3 Qc7 12. g4 Nxd4 13. Bxd4 e5 14. g5 exd4 15. gxf6 dxc3 16. fxe7 Rfe8 17. b3 Rxe7 18. Qh5 Bc6 19. e5 g6 20. Rg1 Bb5 21. 0-0-0 Bxd3 22. Rxd3 Qc5 23. Qg5 Qxa3+ 24. Kd1 dxe5 25. f5 Qc5 26. f6 Re6 27. Rf1 Rc8 28. Rf4 h5 29. Rh4 e4 30. Rd5 Rd6 31. Rxh5 Rxd5+ 32. Qxd5 gxh5 0-1

[Event "Plzen Calliditas op"]
[Site "Plzen"]
[Date "2023.08.23"]
[Round "6"]
[White "Krisman, Ondrej"]
[Black "Hajek, Jindrich"]
[Result "1-0"]
[WhiteElo "1603"]
[BlackElo "1517"]
[PlyCount "53"]
[EventDate "2023.08.19"]
[EventType "swiss"]
[EventRounds "9"]
[EventCountry "CZE"]
[SourceTitle "EXT 2024"]
[Source "ChessBase"]
[SourceDate "2023.10.10"]
[SourceVersion "1"]
[SourceVersionDate "2023.10.10"]
[SourceQuality "1"]

1. e4 e5 2. Nf3 Nc6 3. Bb5 a6 4. Ba4 Nf6 5. 0-0 b5 6. Bb3 Bc5 7. c3 Bb6 8. d4 Qe7 9. a4 Bb7 10. axb5 axb5 11. Rxa8+ Bxa8 12. Na3 d6 13. Nxb5 Na5 14. Ba2 Bxe4 15. Re1 0-0 16. Bg5 Bxf3 17. Qxf3 h6 18. Bh4 g5 19. Bg3 e4 20. Qf5 Kg7 21. h4 Qd7 22. Qxd7 Nxd7 23. Rxe4 Kg6 24. Re7 Nb8 25. Nxc7 Nac6 26. Re8 Rxe8 27. Nxe8 1-0

[Event "Plzen Calliditas op"]
[Site "Plzen"]
[Date "2020.08.30"]
[Round "9"]
[White "Hercik, Richard"]
[Black "Hajek, Jindrich"]
[Result "1/2-1/2"]
[WhiteElo "1401"]
[BlackElo "1664"]
[PlyCount "112"]
[EventDate "2020.08.23"]
[EventType "swiss"]
[EventRounds "9"]
[EventCountry "CZE"]
[SourceTitle "CBM 198 Extra"]
[Source "ChessBase"]
[SourceDate "2020.11.30"]
[SourceVersion "1"]
[SourceVersionDate "2020.11.30"]
[SourceQuality "1"]

1. c4 c6 2. Nc3 Nf6 3. e4 d6 4. g3 e5 5. Bg2 Be6 6. b3 Nbd7 7. d4 exd4 8. Qxd4 Be7 9. Nge2 0-0 10. Bb2 a6 11. f4 Bg4 12. h3 Bxe2 13. Nxe2 d5 14. e5 Bc5 15. Qc3 Qb6 16. 0-0-0 Bb4 17. Qd4 Bc5 18. Qd3 Rfe8 19. Bd4 Ba3+ 20. Kc2 Nc5 21. Bxc5 Qxc5 22. Nc3 Nh5 23. cxd5 cxd5 24. Rhf1 Rac8 25. Bxd5 g6 26. Bxb7 Red8 27. Bd5 Bb4 28. Qc4 Qa5 29. Bc6 Rxd1 30. Rxd1 Bxc3 31. e6 Qf5+ 32. Kxc3 Qxe6 33. Qxe6 fxe6 34. Rd6 Nxg3 35. Kd4 Nf5+ 36. Ke5 Nxd6 37. Kxd6 Rf8 38. Kxe6 Rxf4 39. Bd5 Kg7 40. a4 Rf2 41. Bc4 Rf3 42. b4 Rxh3 43. b5 axb5 44. axb5 Re3+ 45. Kd6 Kf6 46. b6 Re7 47. Bb5 Re6+ 48. Kc7 Rxb6 49. Kxb6 h5 50. Kc5 h4 51. Kd4 Kf5 52. Bd3+ Kf6 53. Ke3 g5 54. Kf3 Ke5 55. Kg4 Kd4 56. Bf1 Ke3 1/2-1/2